Countries in Open Border Agreements - Statistics

General Stats
  • This quiz has been taken 40 times
  • The average score is 56 of 71
Answer Stats
Country % Correct
Denmark
100%
Denmark
100%
Finland
100%
Finland
100%
Germany
100%
Iceland
100%
Iceland
100%
Norway
100%
Norway
100%
Portugal
100%
Spain
100%
Sweden
100%
Sweden
100%
Austria
97%
Estonia
97%
France
97%
Hungary
97%
Latvia
97%
Lithuania
97%
San Marino
97%
Slovakia
97%
Slovenia
97%
Belgium
94%
Czechia
94%
Ireland
94%
Liechtenstein
94%
Luxembourg
94%
Monaco
94%
Poland
94%
Switzerland
94%
United Kingdom
94%
Ecuador
90%
Greece
90%
Italy
90%
Netherlands
90%
Bolivia
87%
Colombia
87%
Malta
87%
Peru
87%
Vatican City
87%
Tanzania
84%
Kenya
81%
Kuwait
81%
Saudi Arabia
81%
United Arab Emirates
81%
Bahrain
77%
Oman
77%
Burundi
74%
Rwanda
74%
Uganda
74%
India
65%
India
65%
Bhutan
61%
Nepal
61%
Antigua and Barbuda
52%
Dominica
52%
Guyana
52%
Jamaica
52%
South Sudan
52%
Trinidad and Tobago
52%
Suriname
48%
Barbados
45%
El Salvador
45%
Grenada
45%
Saint Kitts and Nevis
45%
Saint Lucia
45%
Belize
42%
Guatemala
42%
Honduras
42%
Nicaragua
42%
Saint Vincent and the Grenadines
42%
No matching quizzes found
Score Distribution
Percent of People with Each Score
Percentile by Number Answered
Your Score History
You have not taken this quiz